00590nam a22001697a 45000010005000000030009000050050017000140080041000310400038000720820024001102450089001342600041002233000023002645050059002876500045003467000029003918947BD-DhUAP20210113153457.0210113s1957 bg ||||| |||| 00| 0 eng d aBD-DhUAPbEngcBD-DhUAPdBD-DhUAP 223a348.549204 DAC  aThe Dacca law reports :bfortnightly law journal /cedited by Obaidul Huq Chowdhury. aDacca : bDacca law reports,c1957.  avolumes ;c25 cm.  aV. 9-Table of cases of all courts civil and criminal.  aLaw reports, digests, etc. zBangladesh. aChowdhury, Obaidul Huq.